The concise dictionary of education / (Record no. 132377)
[ view plain ]
| 000 -LEADER | |
|---|---|
| fixed length control field | 00800nam a22002417a 4500 |
| 005 - DATE AND TIME OF LATEST TRANSACTION | |
| control field | 20170124110153.0 |
| 010 ## - LIBRARY OF CONGRESS CONTROL NUMBER | |
| LC control number | B-035063 |
| 020 ## - INTERNATIONAL STANDARD BOOK NUMBER | |
| Terms of availability | 250.00 |
| International Standard Book Number | 8186618112 |
| 035 ## - SYSTEM CONTROL NUMBER | |
| System control number | B-035063 |
| 037 ## - SOURCE OF ACQUISITION | |
| Source of stock number/acquisition | Cen Lib/ Ret |
| 040 ## - CATALOGING SOURCE | |
| Original cataloging agency | DPL |
| Language of cataloging | EN |
| 082 ## - DEWEY DECIMAL CLASSIFICATION NUMBER | |
| Classification number | 370.3 |
| Item number | PON |
| 100 ## - MAIN ENTRY--PERSONAL NAME | |
| Personal name | Ponnaiam,M |
| 9 (RLIN) | 17563 |
| 245 ## - TITLE STATEMENT | |
| Title | The concise dictionary of education / |
| Statement of responsibility, etc | by M.Ponnaiam;Syce Aroquiassamy [and] Panch.Ramalingam |
| 260 ## - PUBLICATION, DISTRIBUTION, ETC. (IMPRINT) | |
| Place of publication, distribution, etc | Delhi |
| Name of publisher, distributor, etc | Pon Rani publications |
| Date of publication, distribution, etc | 2000 |
| 270 ## - ADDRESS | |
| Address | A-14,Bhandari house Commercial complex Dr. Mukherjee Ngar |
| City | Delhi |
| Postal code | 110009 |
| 300 ## - PHYSICAL DESCRIPTION | |
| Extent | 222p. |
| Dimensions | 20cm(Hb) |
| 650 ## - SUBJECT ADDED ENTRY--TOPICAL TERM | |
| Topical term or geographic name as entry element | Education |
| Form subdivision | Dictionary |
| 9 (RLIN) | 17564 |
| 650 ## - SUBJECT ADDED ENTRY--TOPICAL TERM | |
| Topical term or geographic name as entry element | Dictionary of education |
| 9 (RLIN) | 17565 |
| 700 ## - ADDED ENTRY--PERSONAL NAME | |
| Personal name | Aroquiassamy, Syce |
| 9 (RLIN) | 17566 |
| 700 ## - ADDED ENTRY--PERSONAL NAME | |
| Personal name | Ramlingam, Panch |
| 9 (RLIN) | 17567 |
| 942 ## - ADDED ENTRY ELEMENTS (KOHA) | |
| Source of classification or shelving scheme | Dewey Decimal Classification |
| Koha item type | English Books |
| Classification part | 370.3 |
| Call number suffix | PON |
| Withdrawn status | Lost status | Damaged status | Not for loan | Home library | Current library | Date acquired | Source of acquisition | Cost, normal purchase price | Total Checkouts | Full call number | Barcode | Date last seen | Copy number | Cost, replacement price | Price effective from | Koha item type | Public note |
|---|---|---|---|---|---|---|---|---|---|---|---|---|---|---|---|---|---|
| Written off | Central Library | Central Library | 22/07/2015 | Cen Lib/Ret | 250.00 | 370.3 PON | B-035063 | 22/07/2015 | 1 | 250.00 | 22/07/2015 | English Books | W/d List No. 6886/24 ; dtd 07/09/2020 |
